000 00479nam a2200181Ia 4500
008 131103s9999 xx 000 0 und d
040 _aLoreto College
041 _aEnglish
082 _a910/FOX
_bLCBED/2450
100 _aFox, Cyril S
245 _aPhysical geography for Indian studenys
_cCyril S Fox
260 _aLondon
_bMacmillan
_c1942
300 _a564p.
_b pic.
_c 19cm.
504 _aIncludes index
650 _aGeography
850 _aLCBED/910/FOX
942 _cBK
999 _c29075
_d79554